[Event "Melbourne Australasian IM"]
[Site "Melbourne"]
[Date "2017.12.16"]
[Round "8"]
[White "Khamatgaleev, Alexej"]
[Black "Schon, Eugene"]
[Result "0-1"]
[WhiteElo "2399"]
[BlackElo "2291"]
[PlyCount "130"]
[EventDate "2017.12.09"]
[EventType "tourn"]
[EventRounds "9"]
[EventCountry "AUS"]
[EventCategory "1"]
[SourceTitle "CBM 182 Extra"]
[Source "ChessBase"]
[SourceDate "2018.02.23"]
[SourceVersion "1"]
[SourceVersionDate "2018.02.23"]
[SourceQuality "1"]

1. e4 e6 2. d4 d5 3. Nc3 Bb4 4. Bd3 dxe4 5. Bxe4 Nf6 6. Bf3 c5 7. Nge2 Nc6 8. a3 Bxc3+ 9. bxc3 e5 10. Bg5 cxd4 11. Bxc6+ bxc6 12. cxd4 Ba6 13. c3 exd4 14. Qxd4 Qxd4 15. cxd4 0-0 16. Bxf6 gxf6 17. Ng3 Rfe8+ 18. Kd2 c5 19. dxc5 Re5 20. Rac1 Rd8+ 21. Kc2 Rxc5+ 22. Kb1 Re5 23. Kc2 Rb8 24. Kd2 Rd8+ 25. Kc2 Rc8+ 26. Kd2 Rd5+ 27. Ke3 Re8+ 28. Kf3 Rd3+ 29. Kg4 Bc8+ 30. Kh5 Kg7 31. Rc5 Rxa3 32. Rhc1 Be6 33. f4 Ra4 34. f5 Bb3 35. Rb5 Bc4 36. Rb2 Re5 37. Rf2 Bb5 38. Rc3 Rd4 39. Rcf3 Bc6 40. Rf4 Rxf4 41. Rxf4 Bxg2 42. Kg4 Kh6 43. Rd4 Rd5 44. Rc4 a5 45. Kf4 Rb5 46. Ke3 Rb3+ 47. Kf2 Rb2+ 48. Ke3 Rb4 49. Rc7 Bd5 50. Rd7 Bb3 51. Ne4 Rb6 52. Ra7 a4 53. Nc5 Rb5 54. Nxa4 Rxf5 55. Nc3 Rh5 56. Ne4 Kg6 57. Ra8 Rxh2 58. Rg8+ Kf5 59. Nd6+ Ke5 60. Nb5 f5 61. Rc8 Be6 62. Rb8 Rb2 63. Rb7 Bc4 64. Nd6 f4+ 65. Kf3 Bd5+ 0-1

[Event "AUS-ch"]
[Site "Melbourne"]
[Date "2016.01.03"]
[Round "3"]
[White "Schon, Eugene"]
[Black "Puccini, Jack"]
[Result "0-1"]
[WhiteElo "2332"]
[BlackElo "2192"]
[PlyCount "76"]
[EventDate "2016.01.02"]
[EventType "swiss"]
[EventRounds "11"]
[EventCountry "AUS"]
[SourceTitle "CBM 170 Extra"]
[Source "ChessBase"]
[SourceDate "2016.02.25"]
[SourceVersion "1"]
[SourceVersionDate "2016.02.25"]
[SourceQuality "1"]

1. e4 c5 2. Nf3 d6 3. d4 cxd4 4. Nxd4 Nf6 5. Nc3 a6 6. Bg5 Nbd7 7. Qe2 Qc7 8. f4 e5 9. Nf5 h6 10. fxe5 dxe5 11. Bd2 b5 12. a3 Bb7 13. Qf3 g6 14. Ne3 Be7 15. Bd3 Nc5 16. 0-0 0-0-0 17. b4 Nxd3 18. cxd3 Kb8 19. Ned1 Nxe4 20. Nxe4 f5 21. Rc1 Qd7 22. Bc3 fxe4 23. Bxe5+ Ka8 24. Qg3 Rhf8 25. Rxf8 Rxf8 26. dxe4 Bg5 27. Ra1 Qd2 28. h4 Bf4 29. Bxf4 Qd4+ 30. Kh2 Qxa1 31. Nf2 Qf6 32. Be3 g5 33. Ng4 gxh4 34. Qc7 Qc6 35. Qg7 Rd8 36. Nf6 Qd6+ 37. Kh3 Bc8+ 38. g4 Qg3# 0-1

[Event "Australian Masters IM"]
[Site "Melbourne"]
[Date "2015.12.20"]
[Round "9"]
[White "Ang, Alphaeus Wei Ern"]
[Black "Schon, Eugene"]
[Result "1/2-1/2"]
[WhiteElo "2132"]
[BlackElo "2327"]
[PlyCount "103"]
[EventDate "2015.12.12"]
[EventType "tourn"]
[EventRounds "9"]
[EventCountry "AUS"]
[EventCategory "1"]
[SourceTitle "EXT 2017"]
[Source "ChessBase"]
[SourceDate "2016.10.25"]
[SourceVersion "1"]
[SourceVersionDate "2016.10.25"]
[SourceQuality "1"]

1. d4 d5 2. c4 c6 3. Nc3 Nf6 4. Nf3 e6 5. Bg5 dxc4 6. e4 b5 7. e5 h6 8. Bh4 g5 9. Nxg5 hxg5 10. Bxg5 Nbd7 11. exf6 Bb7 12. Qf3 Qb6 13. Rd1 0-0-0 14. Qe3 e5 15. Be2 Qc7 16. dxe5 b4 17. e6 fxe6 18. f7 bxc3 19. Bxd8 Qxd8 20. Qxe6 c2 21. Rc1 Qa5+ 22. Kf1 Qd2 23. Qe3 Qxe3 24. fxe3 Ne5 25. Rxc2 Rh7 26. Ke1 Bb4+ 27. Kd1 Rxf7 28. Bxc4 Rd7+ 29. Kc1 Nxc4 30. Rxc4 Bd2+ 31. Kc2 Bxe3 32. Re1 Bd4 33. b4 c5 34. bxc5 Bxg2 35. c6 Rd6 36. Re8+ Kc7 37. Re7+ Kc8 38. Rd7 Be5 39. Rxd6 Bxd6 40. h4 Bf3 41. Kd3 Kc7 42. Kd4 Bxc6 43. h5 Bf4 44. Rc5 Kb6 45. Rf5 Bc1 46. Kc4 Bb2 47. h6 Bd7 48. Rf3 Be6+ 49. Kb4 Bg8 50. Rg3 Bh7 51. Kb3 Be5 52. Rg7 1/2-1/2

[Event "Australian Masters IM"]
[Site "Melbourne"]
[Date "2015.12.17"]
[Round "6"]
[White "Schon, Eugene"]
[Black "Jones, Richard"]
[Result "1-0"]
[WhiteElo "2327"]
[BlackElo "2403"]
[PlyCount "56"]
[EventDate "2015.12.12"]
[EventType "tourn"]
[EventRounds "9"]
[EventCountry "AUS"]
[EventCategory "1"]
[SourceTitle "EXT 2017"]
[Source "ChessBase"]
[SourceDate "2016.10.25"]
[SourceVersion "1"]
[SourceVersionDate "2016.10.25"]
[SourceQuality "1"]

1. d4 d5 2. c4 c6 3. Nc3 Nf6 4. e3 Bf5 5. cxd5 cxd5 6. Qb3 Nc6 7. Qxb7 Bd7 8. Qb3 Rb8 9. Qd1 e5 10. dxe5 Nxe5 11. Be2 Bd6 12. Nf3 0-0 13. 0-0 Qe7 14. Nd4 Rfc8 15. h3 Rb6 16. a4 Nc4 17. a5 Rbb8 18. Qc2 Qe5 19. f4 Qe8 20. Bxc4 Rxc4 21. b3 Rc7 22. Qd3 Bc5 23. Bb2 Bxd4 24. Qxd4 Rxb3 25. Nxd5 Rc2 26. Ra2 Bb5 27. Nxf6+ gxf6 28. Rf3 Rc6 1-0

[Event "Australian op"]
[Site "Sydney"]
[Date "2015.01.09"]
[Round "9"]
[White "Cheng, Bobby Sky"]
[Black "Schon, Eugene"]
[Result "1/2-1/2"]
[WhiteElo "2436"]
[BlackElo "2318"]
[PlyCount "27"]
[EventDate "2015.01.02"]
[EventType "swiss"]
[EventRounds "11"]
[EventCountry "AUS"]
[SourceTitle "CBM 164 Extra"]
[Source "ChessBase"]
[SourceDate "2015.03.02"]
[SourceVersion "1"]
[SourceVersionDate "2015.03.02"]
[SourceQuality "1"]

1. b3 e5 2. Bb2 Nc6 3. e3 d5 4. Bb5 f6 5. d4 exd4 6. Qxd4 a6 7. Bxc6+ bxc6 8. e4 Bd6 9. Nc3 Ne7 10. 0-0-0 c5 11. Qd2 d4 12. Nb1 Be6 13. Ne2 Nc6 14. c3 1/2-1/2

[Event "Australian op"]
[Site "Sydney"]
[Date "2015.01.05"]
[Round "6"]
[White "Ly, Moulthun"]
[Black "Schon, Eugene"]
[Result "1/2-1/2"]
[WhiteElo "2460"]
[BlackElo "2318"]
[PlyCount "118"]
[EventDate "2015.01.02"]
[EventType "swiss"]
[EventRounds "11"]
[EventCountry "AUS"]
[SourceTitle "CBM 164 Extra"]
[Source "ChessBase"]
[SourceDate "2015.03.02"]
[SourceVersion "1"]
[SourceVersionDate "2015.03.02"]
[SourceQuality "1"]

1. e4 e5 2. Nf3 Nc6 3. d4 exd4 4. Nxd4 Nf6 5. Nxc6 bxc6 6. e5 Qe7 7. Qe2 Nd5 8. c4 Ba6 9. Nd2 g6 10. Nf3 Bg7 11. Bg5 f6 12. exf6 Qxe2+ 13. Bxe2 Nxf6 14. 0-0-0 Ne4 15. Be3 Rb8 16. Bd4 Bxd4 17. Rxd4 Nf6 18. Ne5 c5 19. Rf4 Rf8 20. Re1 Rb6 21. Nd3 d6 22. Bf3+ Kd8 23. Re6 Nd7 24. b3 Bb7 25. Bxb7 Rxb7 26. Rfe4 Nf6 27. Re1 Rf7 28. R6e2 Rb8 29. f3 Kd7 30. Rd2 Kc6 31. Re6 Kb7 32. Rde2 Nd7 33. Kc2 Rbf8 34. Re7 Nb8 35. Kc3 Nc6 36. R7e4 Kc8 37. Re8+ Kd7 38. R8e4 Kc8 39. Nf2 Kd7 40. Re1 Re7 41. Rxe7+ Nxe7 42. Ne4 Rf5 43. Nf2 Ng8 44. Ng4 Rf8 45. Kd3 Nf6 46. Ne3 Nh5 47. Rf1 a5 48. g3 Ng7 49. f4 Nf5 50. Nd5 Ne7 51. Nc3 Nc6 52. h3 h5 53. Kd2 Nd4 54. Ne4 Ke7 55. Nc3 Kd7 56. Nd5 c6 57. Nc3 Rh8 58. Kd3 Kc7 59. Ne4 Ne6 1/2-1/2

[Event "Australian Masters-B"]
[Site "Melbourne"]
[Date "2014.12.20"]
[Round "8"]
[White "Schon, Eugene"]
[Black "Smith, Robert Wayne"]
[Result "1-0"]
[WhiteElo "2287"]
[BlackElo "2245"]
[PlyCount "139"]
[EventDate "2014.12.13"]
[EventType "tourn"]
[EventRounds "9"]
[EventCountry "AUS"]
[SourceTitle "EXT 2016"]
[Source "ChessBase"]
[SourceDate "2015.10.08"]
[SourceVersion "1"]
[SourceVersionDate "2015.10.08"]
[SourceQuality "1"]

1. e4 c5 2. Nf3 g6 3. d4 cxd4 4. Nxd4 Nc6 5. Nc3 Bg7 6. Be3 Nf6 7. Bc4 0-0 8. Bb3 a5 9. 0-0 d6 10. Ndb5 b6 11. f3 Ba6 12. Qd2 Nd7 13. Bh6 Rc8 14. Bxg7 Kxg7 15. Rfd1 Nc5 16. Bc4 Ne6 17. Nxd6 Bxc4 18. Nxc4 Ncd4 19. Ne3 b5 20. Ncd5 b4 21. c3 bxc3 22. bxc3 Nb5 23. c4 Nd6 24. Qb2+ f6 25. e5 Nxc4 26. Qb3 a4 27. Qb4 Nxe3 28. Nf4 Qe8 29. Nxe6+ Kh8 30. Nxf8 Nxd1 31. exf6 exf6 32. Rxd1 Qxf8 33. Qxa4 Qc5+ 34. Kf1 Rb8 35. Qd4 Qxd4 36. Rxd4 Rb2 37. a4 Ra2 38. h4 f5 39. Kg1 h6 40. Kh2 Kg7 41. Kh3 h5 42. Kg3 Kf6 43. Rb4 Kg7 44. Rb7+ Kf6 45. Rb6+ Kg7 46. Ra6 Kf7 47. a5 Ra4 48. Ra7+ Kf6 49. a6 f4+ 50. Kh2 Ra2 51. Ra8 Kg7 52. Kg1 Ra1+ 53. Kf2 Ra2+ 54. Kf1 Kh7 55. Ra7+ Kh6 56. Kg1 Ra1+ 57. Kh2 Ra2 58. Kh3 Ra3 59. Kh2 Ra2 60. Kg1 Ra1+ 61. Kf2 Ra2+ 62. Kf1 g5 63. hxg5+ Kxg5 64. Ra8 Kh4 65. a7 Ra6 66. Ke2 Ra3 67. Kd2 Ra5 68. Kc3 Ra1 69. Kd4 Ra6 70. Ke4 1-0

[Event "Australian Masters-B"]
[Site "Melbourne"]
[Date "2014.12.17"]
[Round "5"]
[White "Gorka, Carl"]
[Black "Schon, Eugene"]
[Result "1/2-1/2"]
[WhiteElo "2089"]
[BlackElo "2287"]
[PlyCount "201"]
[EventDate "2014.12.13"]
[EventType "tourn"]
[EventRounds "9"]
[EventCountry "AUS"]
[SourceTitle "EXT 2016"]
[Source "ChessBase"]
[SourceDate "2015.10.08"]
[SourceVersion "1"]
[SourceVersionDate "2015.10.08"]
[SourceQuality "1"]

1. e4 e5 2. Nf3 Nc6 3. c3 d5 4. Qa4 f6 5. Bb5 Nge7 6. exd5 Qxd5 7. 0-0 e4 8. Nd4 Bd7 9. Nxc6 Nxc6 10. Re1 0-0-0 11. Qc4 Qxc4 12. Bxc4 Bf5 13. g4 Bg6 14. f4 exf3 15. d4 Bd6 16. Rf1 Rde8 17. Rxf3 Re1+ 18. Rf1 Rhe8 19. Bd2 R1e7 20. b4 a5 21. a3 h5 22. g5 Re4 23. h3 fxg5 24. Bxg5 Be7 25. Bxe7 R8xe7 26. Bd3 R4e6 27. Rf8+ Kd7 28. Bxg6 Rxg6+ 29. Kf2 Rge6 30. Ra2 Re1 31. Rb2 Rh1 32. Kg2 Ree1 33. Nd2 Reg1+ 34. Kf2 Rc1 35. Rf7+ Ke6 36. Rxc7 Nxd4 37. Rxg7 Rxc3 38. bxa5 Rhxh3 39. Ne4 Rh2+ 40. Rg2 Rxg2+ 41. Kxg2 Rxa3 42. Rxb7 Rxa5 43. Rh7 Nf5 44. Nf2 Nh4+ 45. Kh3 Ng6 46. Kg3 Ra3+ 47. Kh2 h4 48. Rh5 Ra2 49. Kg1 Ne5 50. Kg2 Ng4 51. Rxh4 Nxf2 52. Kf3 Nd3 53. Rh6+ Kd5 54. Rh5+ Ne5+ 55. Kf4 Rf2+ 56. Ke3 Rf3+ 57. Ke2 Ra3 58. Kd2 Rg3 59. Ke2 Ke4 60. Rh4+ Ng4 61. Kd2 Kd5 62. Ke2 Re3+ 63. Kd2 Re4 64. Rh5+ Kc4 65. Rh8 Nf6 66. Rc8+ Kd4 67. Ra8 Ke5 68. Ra5+ Nd5 69. Ra8 Rb4 70. Rh8 Rb2+ 71. Kd3 Rb3+ 72. Kc2 Rf3 73. Re8+ Kd4 74. Rd8 Rf6 75. Kb3 Rf2 76. Rh8 Rf3+ 77. Kb2 Nb6 78. Rh4+ Kd3 79. Kb3 Nd5 80. Ka4 Rf6 81. Kb5 Nc3+ 82. Kc5 Ne2 83. Rh3+ Ke4 84. Rh4+ Nf4 85. Kc4 Rg6 86. Kc5 Ke5 87. Rh8 Rg5 88. Kc6 Rg2 89. Rh1 Rc2+ 90. Kb5 Nd3 91. Rh5+ Kd6 92. Rh6+ Kd5 93. Rh5+ Ne5 94. Kb4 Rb2+ 95. Kc3 Rg2 96. Kb3 Kd4 97. Rh4+ Kc5 98. Rh5 Re2 99. Rh8 Re3+ 100. Kc2 Re2+ 101. Kb3 1/2-1/2

[Event "Australian Masters-B"]
[Site "Melbourne"]
[Date "2014.12.13"]
[Round "1"]
[White "Schon, Eugene"]
[Black "Liu, Yi"]
[Result "1-0"]
[WhiteElo "2287"]
[BlackElo "2233"]
[PlyCount "55"]
[EventDate "2014.12.13"]
[EventType "tourn"]
[EventRounds "9"]
[EventCountry "AUS"]
[SourceTitle "EXT 2016"]
[Source "ChessBase"]
[SourceDate "2015.10.08"]
[SourceVersion "1"]
[SourceVersionDate "2015.10.08"]
[SourceQuality "1"]

1. e4 e6 2. d4 d5 3. Nc3 Nf6 4. e5 Nfd7 5. f4 c5 6. Nf3 Nc6 7. Be3 cxd4 8. Nxd4 Bc5 9. Qd2 0-0 10. 0-0-0 a6 11. Nb3 Bb4 12. Bd3 b5 13. g4 Rb8 14. Rhg1 a5 15. Nd4 Nxd4 16. Bxd4 Nc5 17. f5 Nxd3+ 18. Qxd3 Be7 19. f6 gxf6 20. Rdf1 fxe5 21. Bxe5 Ba6 22. g5 b4 23. Qh3 Bxg5+ 24. Kb1 f6 25. Rxg5+ Kh8 26. Rxf6 Rxf6 27. Qh6 Qf8 28. Bxf6+ 1-0

[Event "Doeberl Cup Premier 51st"]
[Site "Canberra"]
[Date "2013.03.31"]
[Round "8"]
[White "Schon, Eugene"]
[Black "Brown, Andrew"]
[Result "0-1"]
[WhiteElo "2169"]
[BlackElo "2295"]
[PlyCount "80"]
[EventDate "2013.03.28"]
[EventType "swiss"]
[EventRounds "9"]
[EventCountry "AUS"]
[SourceTitle "EXT 2023"]
[Source "ChessBase"]
[SourceDate "2022.10.05"]
[SourceVersion "1"]
[SourceVersionDate "2022.10.05"]
[SourceQuality "1"]

1. e4 c5 2. Nc3 Nc6 3. Bb5 Nd4 4. Bc4 e6 5. Nf3 Nf6 6. 0-0 a6 7. Re1 b5 8. Bf1 Bb7 9. d3 Be7 10. Bf4 d6 11. h3 e5 12. Bh2 Ne6 13. Nd2 h5 14. Ne2 g5 15. c3 Qb8 16. a4 g4 17. h4 Ng8 18. axb5 axb5 19. Rxa8 Bxa8 20. g3 Bf6 21. Bg2 Ne7 22. Nf1 d5 23. Ne3 Nc7 24. c4 d4 25. Nd5 Ncxd5 26. cxd5 Bb7 27. f4 Ng6 28. Rf1 Bg7 29. Kh1 f6 30. Bg1 0-0 31. Qc2 Ba6 32. b3 Ne7 33. Bf2 Nc8 34. Rc1 c4 35. bxc4 bxc4 36. dxc4 Qb4 37. c5 d3 38. Qc3 Qa4 39. Ra1 d2 40. Kh2 d1Q 0-1

[Event "Doeberl Cup Premier 51st"]
[Site "Canberra"]
[Date "2013.03.29"]
[Round "3"]
[White "Czebe, Attila"]
[Black "Schon, Eugene"]
[Result "1-0"]
[WhiteElo "2492"]
[BlackElo "2169"]
[PlyCount "79"]
[EventDate "2013.03.28"]
[EventType "swiss"]
[EventRounds "9"]
[EventCountry "AUS"]
[SourceTitle "CBM 153 Extra"]
[Source "ChessBase"]
[SourceDate "2013.04.22"]
[SourceVersion "1"]
[SourceVersionDate "2013.04.22"]
[SourceQuality "1"]

1. e4 e5 2. Nf3 Nc6 3. Bb5 Nf6 4. d3 Bc5 5. 0-0 d6 6. Nc3 a6 7. Bxc6+ bxc6 8. d4 exd4 9. Nxd4 Bd7 10. Nb3 Ba7 11. h3 0-0 12. Qf3 Re8 13. Re1 Re6 14. Be3 Bxe3 15. Rxe3 Qe8 16. Qe2 c5 17. e5 Rxe5 18. Rxe5 Qxe5 19. Qxe5 dxe5 20. Nxc5 Bf5 21. Re1 Bxc2 22. Rxe5 Kf8 23. b4 c6 24. a4 Ra7 25. Re2 Bf5 26. a5 Nd7 27. N3a4 Nxc5 28. Nxc5 h5 29. Kf1 Bc8 30. Ke1 Re7 31. Kd2 Rxe2+ 32. Kxe2 Ke7 33. Ke3 Kd6 34. Kd4 Kc7 35. h4 Kd6 36. Ne4+ Kd7 37. Ng3 g6 38. Ne4 f5 39. Ng5 Ke7 40. f4 1-0

[Event "Queenstown op"]
[Site "Queenstown"]
[Date "2012.01.19"]
[Round "5"]
[White "Schon, Eugene"]
[Black "Maroroa, Sue Yuchan"]
[Result "1-0"]
[WhiteElo "2188"]
[BlackElo "2020"]
[PlyCount "55"]
[EventDate "2012.01.15"]
[EventType "swiss"]
[EventRounds "9"]
[EventCountry "NZL"]
[SourceTitle "CBM 146 Extra"]
[Source "ChessBase"]
[SourceDate "2012.02.29"]
[SourceVersion "1"]
[SourceVersionDate "2012.02.29"]
[SourceQuality "1"]

1. c4 Nf6 2. Nc3 e6 3. e4 e5 4. Nf3 Nc6 5. Be2 d6 6. d4 exd4 7. Nxd4 g6 8. Bg5 Bg7 9. f4 Qd7 10. Nf3 0-0 11. 0-0 Ne8 12. Bd3 f6 13. Bh4 Qf7 14. f5 gxf5 15. exf5 Qh5 16. Ne2 Ne5 17. Nxe5 fxe5 18. Bf2 Bxf5 19. Bxf5 Qxf5 20. Qd5+ Qf7 21. Qxb7 Nf6 22. b3 a5 23. Nc3 Rab8 24. Qc6 Qd7 25. Qxd7 Nxd7 26. Nd5 Rb7 27. Bh4 Nf6 28. Nxf6+ 1-0

[Event "Queenstown op"]
[Site "Queenstown"]
[Date "2012.01.16"]
[Round "2"]
[White "Hansen, Sune Berg"]
[Black "Schon, Eugene"]
[Result "1-0"]
[WhiteElo "2572"]
[BlackElo "2188"]
[PlyCount "53"]
[EventDate "2012.01.15"]
[EventType "swiss"]
[EventRounds "9"]
[EventCountry "NZL"]
[SourceTitle "CBM 146 Extra"]
[Source "ChessBase"]
[SourceDate "2012.02.29"]
[SourceVersion "1"]
[SourceVersionDate "2012.02.29"]
[SourceQuality "1"]

1. e4 e6 2. d4 d5 3. Nd2 Nf6 4. e5 Nfd7 5. c3 c5 6. Bd3 Nc6 7. Ngf3 Be7 8. 0-0 g5 9. dxc5 g4 10. Nd4 Ncxe5 11. Bb5 Bxc5 12. f4 Nc6 13. N2b3 Bxd4+ 14. Nxd4 Nxd4 15. Qxd4 Qb6 16. Qxb6 axb6 17. f5 Rg8 18. Be3 Ke7 19. fxe6 fxe6 20. c4 Nc5 21. cxd5 exd5 22. b4 Ne4 23. Rac1 Nd6 24. Rc7+ Ke6 25. Bd4 Rg6 26. Bd3 Ne4 27. Rf8 1-0

[Event "Doeberl Cup 49th"]
[Site "Canberra"]
[Date "2011.04.25"]
[Round "9"]
[White "Hansen, Sune Berg"]
[Black "Schon, Eugene"]
[Result "1-0"]
[WhiteElo "2603"]
[BlackElo "2157"]
[PlyCount "91"]
[EventDate "2011.04.21"]
[EventType "swiss"]
[EventRounds "9"]
[EventCountry "AUS"]
[SourceTitle "CBM 141 Extra"]
[Source "ChessBase"]
[SourceDate "2011.05.03"]
[SourceVersion "1"]
[SourceVersionDate "2011.05.03"]
[SourceQuality "1"]

1. e4 e5 2. Nf3 Nc6 3. Bc4 Nf6 4. d3 Be7 5. 0-0 0-0 6. Bb3 d5 7. exd5 Nxd5 8. h3 a5 9. a3 Nd4 10. Nxd4 exd4 11. Nd2 Be6 12. Re1 h6 13. Nf3 a4 14. Bc4 Bf6 15. Ne5 Re8 16. Bd2 c6 17. Qf3 Nc7 18. Ng4 Bg5 19. Bxg5 Qxg5 20. Re5 Qd8 21. Bxe6 Rxe6 22. Rae1 Qe7 23. Qg3 Kh7 24. f4 f5 25. Rxe6 Nxe6 26. Ne5 Qf6 27. h4 Re8 28. h5 Nf8 29. Re2 Re6 30. Qf2 Qd8 31. Kf1 Qd5 32. Qh4 Nd7 33. Qh3 Rf6 34. Ng6 Nf8 35. Re5 Qa2 36. Rxf5 Qb1+ 37. Kf2 Qxc2+ 38. Kg1 Qd1+ 39. Kh2 Nxg6 40. Rxf6 gxf6 41. Qf5 Qe1 42. Qxg6+ Kh8 43. Qxh6+ Kg8 44. Qg6+ Kf8 45. Qxf6+ Kg8 46. h6 1-0

[Event "Oceania zt"]
[Site "Rotorua"]
[Date "2011.01.31"]
[Round "9"]
[White "Lukey, Stephen G"]
[Black "Schon, Eugene"]
[Result "1-0"]
[WhiteElo "2244"]
[BlackElo "2157"]
[PlyCount "51"]
[EventDate "2011.01.25"]
[EventType "swiss"]
[EventRounds "9"]
[EventCountry "NZL"]
[SourceTitle "CBM 140 Extra"]
[Source "ChessBase"]
[SourceDate "2011.03.01"]
[SourceVersion "1"]
[SourceVersionDate "2011.03.01"]
[SourceQuality "1"]

1. d4 d5 2. c4 c6 3. Nf3 Nf6 4. Nc3 e6 5. Bg5 h6 6. Bh4 dxc4 7. e4 g5 8. Bg3 b5 9. Be2 Bb7 10. h4 g4 11. Ne5 h5 12. 0-0 Nbd7 13. Qc2 Nxe5 14. Bxe5 Bg7 15. Bg3 0-0 16. e5 Nh7 17. b3 cxb3 18. axb3 Qxd4 19. Rfd1 Qb6 20. Rd6 f5 21. exf6 Nxf6 22. Bxb5 Ne8 23. Rxe6 Qd4 24. Bc4 Kh8 25. Qg6 Qc5 26. Re5 1-0

[Event "Oceania zt"]
[Site "Rotorua"]
[Date "2011.01.29"]
[Round "7"]
[White "Ikeda, Junta"]
[Black "Schon, Eugene"]
[Result "1-0"]
[WhiteElo "2262"]
[BlackElo "2157"]
[PlyCount "71"]
[EventDate "2011.01.25"]
[EventType "swiss"]
[EventRounds "9"]
[EventCountry "NZL"]
[SourceTitle "CBM 140 Extra"]
[Source "ChessBase"]
[SourceDate "2011.03.01"]
[SourceVersion "1"]
[SourceVersionDate "2011.03.01"]
[SourceQuality "1"]

1. Nf3 d5 2. c4 c6 3. g3 Nf6 4. Bg2 e6 5. 0-0 Nbd7 6. b3 Bd6 7. Bb2 0-0 8. d3 Qe7 9. Nc3 e5 10. Nh4 Nb6 11. cxd5 Nbxd5 12. e4 Nxc3 13. Bxc3 Rd8 14. Qc2 Bb4 15. Bb2 Ba3 16. Bxa3 Qxa3 17. Qc3 Qd6 18. Rad1 Qd4 19. Qxd4 Rxd4 20. Nf3 Bg4 21. Nxd4 Bxd1 22. Nxc6 Bxb3 23. Nxe5 Bxa2 24. Ra1 Be6 25. d4 a6 26. d5 Bc8 27. Nc4 Nd7 28. e5 b5 29. Nd6 Nxe5 30. Re1 Bh3 31. Rxe5 Bxg2 32. Kxg2 b4 33. Nc4 a5 34. d6 a4 35. d7 Kf8 36. Nd6 1-0

[Event "Oceania zt"]
[Site "Rotorua"]
[Date "2011.01.27"]
[Round "4"]
[White "Schon, Eugene"]
[Black "Xie, George Wendi"]
[Result "1/2-1/2"]
[WhiteElo "2157"]
[BlackElo "2478"]
[PlyCount "69"]
[EventDate "2011.01.25"]
[EventType "swiss"]
[EventRounds "9"]
[EventCountry "NZL"]
[SourceTitle "CBM 140 Extra"]
[Source "ChessBase"]
[SourceDate "2011.03.01"]
[SourceVersion "1"]
[SourceVersionDate "2011.03.01"]
[SourceQuality "1"]

1. e4 d5 2. exd5 Qxd5 3. Nc3 Qd6 4. d4 Nf6 5. Nf3 g6 6. g3 Bg7 7. Bf4 Qb6 8. Qd2 Bf5 9. 0-0-0 Nc6 10. Ne5 Ne4 11. Nxe4 Bxe4 12. Nc4 Qxd4 13. Qe1 Bxh1 14. Rxd4 Bxd4 15. Bxc7 0-0 16. Ne5 Rac8 17. Nxc6 Bxc6 18. Be5 Bxe5 19. Qxe5 e6 20. Bd3 Rfd8 21. f4 b6 22. b3 Bf3 23. Qe3 Bg4 24. Kb2 Rc5 25. a4 Bf5 26. Bxf5 Rxf5 27. g4 Rfd5 28. h4 h5 29. f5 exf5 30. gxh5 f4 31. Qxf4 gxh5 32. Qf6 R8d6 33. Qe7 a5 34. Qe3 Rd4 35. Qf2 1/2-1/2